000 01816nam0a2200337 4500
001 RU\NLR\BIBL_A\011864114
005 20181206125623.0
010 _a978-5-900678-86-3
_9300
021 _aRU
_bКН-П-18-081027
_9КН-П-18-5868
035 _a(NLR Aleph) 011864114
035 _a(RuMoRGB)009787575
090 _a12169506
_c12169506
100 _a20181116d2018 k y0rusy50 ca
101 0 _arus
_aeng
102 _aRU
105 _aab||z|||101zy
200 1 _aМатериалы III Международной конференции "Актуальные проблемы планктонологии" с таксономическим тренингом для молодых ученых, 24-28 сентября 2018 г., г. Зеленоградск (Калининградская область)
_fГидробиологическое общество при Российской академии наук (ГБО при РАН) [и др.]
210 _aКалининград
_cАтлантНИРО
_d2018
215 _a235, [1] с.
_cил., к., табл., цв. ил.
_d29
300 _aТекст рус., англ.
320 _aБиблиогр. в конце ст.
320 _aУказ. авт. в конце кн.
606 1 _aПланктон
_jСъезды, совещания и т.п
_9917557
_3RU\NLR\AUTH\6616695
686 1 _aЕ082.31я431(0)
710 1 2 _a"Актуальные проблемы планктонологии", международная конференция с таксономическим тренингом для молодых ученых
_d3
_eЗеленоградск
_f2018
_9637462
_3RU\NLR\AUTH\880488536
942 _cBOOK
980 _aNBR
980 _aNB